书目信息 |
| 题名: |
高压电缆运行与检修
|
|
| 作者: | 陈长金 , 魏力强 主编 | |
| 分册: | ||
| 出版信息: | 北京 中国电力出版社 2021.08 |
|
| 页数: | 157页 | |
| 开本: | 26cm | |
| 丛书名: | ||
| 单 册: | ||
| 中图分类: | TM247 | |
| 科图分类: | ||
| 主题词: | 高压电缆--gao ya dian lan--运行 , 高压电缆--gao ya dian lan--检修 | |
| 电子资源: | ||
| ISBN: | 978-7-5198-5397-6 | |
| 000 | 00923nam0 2200241 450 | |
| 001 | 011025153140 | |
| 005 | 20221025153140.0 | |
| 010 | @a978-7-5198-5397-6@dCNY48.00 | |
| 100 | @a20201004d2021 em y0chiy0120 ea | |
| 101 | 0 | @achi |
| 102 | @aCN@b110000 | |
| 105 | @aa z 000yy | |
| 106 | @ar | |
| 200 | 1 | @a高压电缆运行与检修@Agao ya dian lan yun hang yu jian xiu@f陈长金, 魏力强主编 |
| 210 | @a北京@c中国电力出版社@d2021.08 | |
| 215 | @a157页@c图@d26cm | |
| 330 | @a本书结合高压电缆专业生产实际及理论需求,对涉及的相关知识进行系统阐述。本书共分五章,主要内容包括高压电缆基本知识、高压电缆附件基本知识、高压电缆及通道运行维护、高压电缆及通道检修、高压电缆新技术应用等内容。 | |
| 606 | 0 | @a高压电缆@Agao ya dian lan@x运行 |
| 606 | 0 | @a高压电缆@Agao ya dian lan@x检修 |
| 690 | @aTM247@v5 | |
| 701 | 0 | @a陈长金@Achen chang jin@4主编 |
| 701 | 0 | @a魏力强@Awei li qiang@4主编 |
| 905 | @a河南城建学院图书馆@dTM247@eC382 | |
| 高压电缆运行与检修/陈长金, 魏力强主编.-北京:中国电力出版社,2021.08 |
| 157页:图;26cm |
| ISBN 978-7-5198-5397-6:CNY48.00 |
| 本书结合高压电缆专业生产实际及理论需求,对涉及的相关知识进行系统阐述。本书共分五章,主要内容包括高压电缆基本知识、高压电缆附件基本知识、高压电缆及通道运行维护、高压电缆及通道检修、高压电缆新技术应用等内容。 |
| ● |
| 相关链接 |
|
|
|
正题名:高压电缆运行与检修
索取号:TM247/C382
 
预约/预借
| 序号 | 登录号 | 条形码 | 馆藏地/架位号 | 状态 | 备注 |
| 1 | 1587017 | 215870172 | 自科库301/301自科库 10排1列5层/ [索取号:TM247/C382] | 在馆 |